| 000 | 00823nam a22002417a 4500 | ||
|---|---|---|---|
| 005 | 20131220130645.0 | ||
| 008 | 131126b xxu||||| |||| 00| 0 eng d | ||
| 010 | _aPUN-7772 | ||
| 020 |
_c135.00 _a9789350680803 |
||
| 035 | _aPN-6890 | ||
| 037 | _bDBAD / PUB | ||
| 037 | _bUnistar Books | ||
| 040 |
_adpl _bpn |
||
| 082 | _aਕ | ||
| 100 | _aਬਹਿਣੀਵਾਲ,ਜਸਮੀਤ ਸਿੰਘ | ||
| 245 |
_aਸ਼ੋਕ ਦੀ ਮੋਤ / _cਜਸਮੀਤ ਸਿੰਘ ਬਹਿਣੀਵਾਲ |
||
| 246 |
_aShouk di mout _bby Jasmeet Singh Behniwal |
||
| 260 |
_aChandigarh _bUnistar Books _c2012 |
||
| 270 |
_bChandigarh _asco-26-27, sector-34 A _k0172-5077427- 9815471219 _e160022 |
||
| 300 | 4 |
_a96p. _c22ਸੇਂਮੀ (ਸਜਿਲੱਦ) |
|
| 942 |
_2ddc _cPN _hਕ _mਬਹਿਣੀ |
||
| 999 |
_c81372 _d81372 |
||